Pengurusan Islam / (Record no. 894)
[ view plain ]
| 000 -LEADER | |
|---|---|
| fixed length control field | nam a22 a 4500 |
| 003 - CONTROL NUMBER IDENTIFIER | |
| control field | AKMAL |
| 005 - DATE AND TIME OF LATEST TRANSACTION | |
| control field | 20170505163747.0 |
| 008 - FIXED-LENGTH DATA ELEMENTS--GENERAL INFORMATION | |
| fixed length control field | 170505s1994 my 00 may d |
| 020 ## - INTERNATIONAL STANDARD BOOK NUMBER | |
| International Standard Book Number | 9676104760 (kkt.): |
| Terms of availability | RM 12.00 |
| 040 ## - CATALOGING SOURCE | |
| Original cataloging agency | AKMAL |
| Transcribing agency | AKMAL |
| 049 ## - LOCAL HOLDINGS (OCLC) | |
| Holding library | klpmal |
| 082 04 - DEWEY DECIMAL CLASSIFICATION NUMBER | |
| Classification number | 297.1975 MUS |
| 090 ## - LOCALLY ASSIGNED LC-TYPE CALL NUMBER (OCLC); LOCAL CALL NUMBER (RLIN) | |
| Classification number (OCLC) (R) ; Classification number, CALL (RLIN) (NR) | 297.1975 |
| Local cutter number (OCLC) ; Book number/undivided call number, CALL (RLIN) | MUS |
| 090 20 - LOCALLY ASSIGNED LC-TYPE CALL NUMBER (OCLC); LOCAL CALL NUMBER (RLIN) | |
| Classification number (OCLC) (R) ; Classification number, CALL (RLIN) (NR) | 297.1975 |
| Local cutter number (OCLC) ; Book number/undivided call number, CALL (RLIN) | MUS |
| 100 0# - MAIN ENTRY--PERSONAL NAME | |
| Personal name | Mustafa Haji Daud |
| 9 (RLIN) | 1904 |
| 245 10 - TITLE STATEMENT | |
| Title | Pengurusan Islam / |
| Statement of responsibility, etc. | Mustafa Haji Daud |
| 260 ## - PUBLICATION, DISTRIBUTION, ETC. | |
| Place of publication, distribution, etc. | Kuala Lumpur : |
| Name of publisher, distributor, etc. | Dewan Bahasa dan Pustaka, |
| Date of publication, distribution, etc. | 1994 |
| 300 ## - PHYSICAL DESCRIPTION | |
| Extent | 184ms. ; |
| Dimensions | 21cm |
| 440 ## - SERIES STATEMENT/ADDED ENTRY--TITLE | |
| Title | Siri pengurusan dan pentadbiran Utusan |
| 9 (RLIN) | 480 |
| 504 ## - BIBLIOGRAPHY, ETC. NOTE | |
| Bibliography, etc. note | Bibliografi: ms. 183-184 |
| 650 ## - SUBJECT ADDED ENTRY--TOPICAL TERM | |
| Topical term or geographic name entry element | Management |
| General subdivision | Religious aspects |
| -- | Islam |
| 9 (RLIN) | 1905 |
| 942 ## - ADDED ENTRY ELEMENTS (KOHA) | |
| Source of classification or shelving scheme | |
| Koha item type | Book |
| Withdrawn status | Lost status | Source of classification or shelving scheme | Damaged status | Not for loan | Home library | Current library | Date acquired | Inventory number | Total Checkouts | Full call number | Barcode | Date last seen | Price effective from | Koha item type |
|---|---|---|---|---|---|---|---|---|---|---|---|---|---|---|
| AKMAL Melaka | AKMAL Melaka | 05.05.2017 | 000333 | 297.1975 MUS | 201701960 | 05.05.2017 | 05.05.2017 | Book |
